| 000 | 00527nam a2200169 4500 | ||
|---|---|---|---|
| 001 | 144833 | ||
| 003 | ES-MaACL | ||
| 005 | 20230906201117.0 | ||
| 007 | t| | ||
| 008 | 070214s1933 fr r ||||1| fre d | ||
| 100 | 1 |
_aSlonimski, Antoni. _9106794 |
|
| 245 | 1 | 0 |
_aMisère et grandeur de la Russie rouge / _cAntoni Slominski ; traduit du polonais par Marie Rakowska. |
| 260 |
_aParis : _bNouvelle Revue Critique, _c[1933] |
||
| 300 |
_a222 p. ; _c19 x 12 cm. |
||
| 700 | 1 |
_aRakowska, Marie. _995048 |
|
| 852 |
_aES-MaACL _jB-8887 |
||
| 999 |
_c144833 _d144833 |
||